Breve arbitrario de la literatura mexicana

Guardat en:
Dades bibliogràfiques
Autor principal: Castañón, Adolfo
Format: Llibre
Idioma:Undetermined
Publicat: México, Distrito Federal Biblioteca del ISSSTE 1999
Matèries:
Etiquetes: Afegir etiqueta
Sense etiquetes, Sigues el primer a etiquetar aquest registre!

MARC

LEADER 00000nam a2200000Ia 4500
008 170316s9999 xx 000 0 und d
090 |a 801 C-14.1b 
100 |a Castañón, Adolfo 
245 |a Breve arbitrario de la literatura mexicana 
260 |a México, Distrito Federal 
260 |b Biblioteca del ISSSTE 
260 |c 1999 
300 |a 165 páginas 
650 |a TEORÍA LITERARIA 
999 |c 20151  |d 20151 
040 |a cru BVZT 
942 |c 15 D  |h 801 C-14.1b  |2 z